000 01015nam a22002297a 4500
001 5753
003 FISKH
005 20250120154128.0
008 250120b cb ||||| |||| 00| 0 eng d
020 _a9780199129317
040 _aFISKH
_beng
_cFISKH
_dFISKH
082 _a910.71
100 _aKelly, David
245 _aComplete geography for Cambridge IGCSE /
_cby David Kelly and Muriel Fretwell
260 _aOxford :
_bOxford University Press ;
_c2012.
300 _a365 pages :
_bcolor illustrations ;
_c28 cm .
520 _aWritten by examiners to exactly match the latest Cambridge syllabus for first examination in 2016, it is packed with relevant international case studies on subjects that will resonate with students. Physical geography is thoroughly covered, along with incredibly comprehensive support for Papers 2, 3 and 4, and digital content that adds flexibility. â–¾Members
650 _aKS4
_vNon-fiction
700 _aFretwell, Muriel
_eauthor
942 _2ddc
_cBK
_n0
999 _c5753
_d5753